Quiz Culture Générale #12 - Statistiques

Statistiques générales
  • Ce quiz a été pris 45 fois
  • Le résultat moyen est 4 sur 15
Statistiques - réponses
Question Réponse % Correct
Quel est le deuxième prénom de Beyoncé ? Giselle
88%
Comment Oscar Gustave Rejlander calculer le degré d’illumination de son studio et ajuster le temps d'exposition ? Grâce aux pupilles de son chats
63%
En 1851, combien de temps mettait le train pour faire Paris-Nantes ? 9h30
38%
De quels couleurs sont les couchers de soleil sur Mars ? Bleu
38%
Quel animal devait être Bowser à la base ? Un boeuf
38%
Pourquoi Popeye s'appelle-t-il comme ça ? A cause de son oeil
25%
Dans quelle ville européenne peut-on trouver les ponts présents sur les billets de 5 à 500 euros ? Spijkenisse
25%
Dans l'attraction "Space Mountain" a Disneyland, on peut lire une locution latine. Laquelle ? Ad Luna in flatula gloria
13%
Qui chante la chanson des jumelles dans "Les demoiselles de Rochefort" ? Anne Germain et Claude Parent
13%
D'après Frederic Hermel, qui a écrit la biographie de Zinedine Zidane, quel chanteur de variété française, le footballeur met immédiatement lorsqu'il monte en voiture ? Francis Cabrel
13%
De quel jeu, le "3D Pinball" sur Windows est-il la démo ? Full Tilt! Pinball
13%
Une page entière a disparu entre la publication de "Tintin au Tibet" dans le journal Tintin, et sa publication en album classique. Pourquoi ? Le magasine avait publié une page en trop
13%
Quelle est la taille de la plus petite guitare du monde ? 10 micromètres
0%
Que signifie le prénom Pumba dans "Le Roi Lion" ? Ignorant
0%
A qui est dédicacé le Petit Prince ? Léon Werth
0%
Aucun quiz correspondant
Distribution des résultats
% des personnes avec chaque résultat
Percentile par nombre de réponses
Votre historique - résultats
Vous n’avez pas pris ce quiz